Manual para la prevención de riesgos laborales en las oficinas

সংরক্ষণ করুন:
গ্রন্থ-পঞ্জীর বিবরন
প্রধান লেখক: González Ruiz, Agustín (Author), Mateo Floría, Pedro (Author), González Maestre, Diego (Author)
বিন্যাস: গ্রন্থ
ভাষা:স্প্যানিশ
প্রকাশিত: Madrid Fundación Confemetal 2009
সংস্করন:2a. ed
বিষয়গুলি:
ট্যাগগুলো: ট্যাগ যুক্ত করুন
কোনো ট্যাগ নেই, প্রথমজন হিসাবে ট্যাগ করুন!

MARC

LEADER 00000cam a2200000 a 4500
001 UCE2986
003 CL-VaPUC
008 140807e20090000sp |||||||||||||||||spa|d
020 |a 9788492735006 
082 0 4 |a 651.3  |b GON  |2 21 
100 0 |a González Ruiz, Agustín  |e author  |9 575527 
700 0 |a Mateo Floría, Pedro  |e author  |9 575528 
700 0 |a González Maestre, Diego  |e author  |9 575529 
245 1 0 |a Manual para la prevención de riesgos laborales en las oficinas 
250 |a 2a. ed 
300 |a 219 p 
942 |c BK 
945 |d 20140807 14:45:00  |a arojas 
260 |a Madrid  |b Fundación Confemetal  |c 2009 
650 7 |a OFICINAS  |2 CL-VaPUC  |9 436446 
650 0 |a Medidas de seguridad  |9 264085 
650 7 |a MEDIDAS DE SEGURIDAD LABORAL  |2 CL-VaPUC  |9 575530 
650 0 |a Higiene industrial  |9 318704 
583 |a last modification  |c 20140807 14:45:00  |k Rodrigo Vera 
999 |c 356500  |d 356498